Les noms d'oiseaux par lettres -Q - Statistiques

Statistiques générales
  • Ce quiz a été pris 35 fois
  • Le résultat moyen est 2 sur 5
Statistiques - réponses
Par images Réponse % Correct
Quetzal
100%
Quiscale
35%
Queue-de-gaz
9%
Queue-grise
9%
Quéo
0%
Aucun quiz correspondant
Distribution des résultats
% des personnes avec chaque résultat
Percentile par nombre de réponses
Votre historique - résultats
Vous n’avez pas pris ce quiz